000 00889nam a22002417a 4500
005 20080814124749.0
008 080814t xxu||||| |||| 00| 0 eng d
010 _aENG-90734
020 _a9788189005238
_c175.00
035 _aEN-74267
037 _bDBAD / VEN
040 _aDPL
_bENGLISH
082 _a370.954
100 _aVats, Anita
245 _aDevelopment of education in India /
_cby Anita Vats
260 _aNew Delhi
_bSaurabh publishing House
_cc2008
300 _avii, 296p.
_c22 cm.(pbk)
500 _aincludes bibliographical references and index
650 _aEducation
_xHistory
_zIndia
942 _2ddc
_cEN
_h370.954
_mVAT
999 _c14855
_d14855